[Event "Helsingor Xtracon op"]
[Site "Helsingor"]
[Date "2016.07.24"]
[Round "3"]
[White "Ranaldi, Lucas"]
[Black "Aubert, Carsten"]
[Result "1-0"]
[WhiteElo "2228"]
[BlackElo "1977"]
[PlyCount "103"]
[EventDate "2016.07.23"]
[EventType "swiss"]
[EventRounds "10"]
[EventCountry "DEN"]
[SourceTitle "CBM 173 Extra"]
[Source "ChessBase"]
[SourceDate "2016.08.29"]
[SourceVersion "1"]
[SourceVersionDate "2016.08.29"]
[SourceQuality "1"]

1. Nf3 Nf6 2. c4 e6 3. Nc3 d5 4. d4 Bb4 5. Bg5 c6 6. Qc2 Nbd7 7. e3 Qa5 8. Nd2 dxc4 9. Bxf6 Nxf6 10. Bxc4 e5 11. Nb3 Qc7 12. 0-0 0-0 13. h3 Re8 14. Rac1 Be6 15. Bxe6 Rxe6 16. a3 Bf8 17. Rfd1 Ree8 18. d5 cxd5 19. Nxd5 Qxc2 20. Nxf6+ gxf6 21. Rxc2 Rad8 22. Rxd8 Rxd8 23. Kf1 f5 24. Ke2 Rd7 25. Rc8 Kg7 26. Nd2 Rd5 27. g3 e4 28. Kd1 b5 29. Kc2 Bc5 30. Rc6 Bb6 31. Nb1 h6 32. Nc3 Re5 33. Ne2 Re7 34. Nf4 Re5 35. Nh5+ Kh7 36. Nf6+ Kg7 37. Nd7 Rd5 38. Nxb6 axb6 39. Rxb6 h5 40. h4 Kh7 41. Rc6 Kg7 42. Kb3 Rd2 43. Rc2 Rd5 44. a4 bxa4+ 45. Kxa4 Rd1 46. b4 Rb1 47. Ka5 Kf6 48. b5 Ke6 49. Ka6 Kd7 50. b6 Rb3 51. Rc7+ Kd8 52. Rxf7 1-0

[Event "NOR-ch Class1"]
[Site "Oslo"]
[Date "2015.07.07"]
[Round "5"]
[White "Moseng, Geir"]
[Black "Aubert, Carsten"]
[Result "1/2-1/2"]
[WhiteElo "1873"]
[BlackElo "1886"]
[PlyCount "116"]
[EventDate "2015.07.04"]
[EventType "swiss"]
[EventRounds "9"]
[EventCountry "NOR"]
[SourceTitle "EXT 2017"]
[Source "ChessBase"]
[SourceDate "2016.10.25"]
[SourceVersion "1"]
[SourceVersionDate "2016.10.25"]
[SourceQuality "1"]

1. d4 Nf6 2. g3 e6 3. Bg2 c5 4. Nf3 Be7 5. c4 cxd4 6. Nxd4 0-0 7. Nc3 a6 8. 0-0 Qc7 9. Qd3 Nc6 10. b3 d6 11. Bb2 Bd7 12. Rac1 Nxd4 13. Qxd4 Ne8 14. Rfd1 Rd8 15. Ba3 b6 16. Bb2 Qb8 17. a4 b5 18. axb5 axb5 19. cxb5 Bxb5 20. Nxb5 Qxb5 21. Qa4 Rb8 22. Qxb5 Rxb5 23. Rd3 d5 24. e4 dxe4 25. Bxe4 Nf6 26. Bc6 Rb6 27. Bd4 Rb4 28. Bc5 Bxc5 29. Rxc5 Rfb8 30. Bb5 Ne4 31. Rc4 R4xb5 32. Rxe4 Rxb3 33. Rd7 R3b7 34. Red4 Rxd7 35. Rxd7 g6 36. h4 Rb5 37. Kg2 Kg7 38. Ra7 h5 39. Rc7 Kf6 40. Ra7 e5 41. Rc7 e4 42. Rc4 Kf5 43. Rc3 Rd5 44. Rc7 Ke6 45. Ra7 f6 46. Ra8 Kf5 47. Rb8 Kg4 48. Rb6 Kf5 49. Rb8 g5 50. hxg5 fxg5 51. Rh8 Rd2 52. Rf8+ Kg4 53. Re8 Rd4 54. Rh8 Rd5 55. Re8 Kf5 56. Rh8 Kg6 57. Re8 Rd4 58. Rg8+ Kf5 1/2-1/2

[Event "Reykjavik op"]
[Site "Reykjavik"]
[Date "2014.03.09"]
[Round "7"]
[White "Aubert, Carsten"]
[Black "Thorarensen, Adalsteinn"]
[Result "0-1"]
[WhiteElo "1997"]
[BlackElo "1737"]
[PlyCount "66"]
[EventDate "2014.03.04"]
[EventType "swiss"]
[EventRounds "10"]
[EventCountry "ISL"]
[SourceTitle "CBM 159 Extra"]
[Source "ChessBase"]
[SourceDate "2014.04.24"]
[SourceVersion "1"]
[SourceVersionDate "2014.04.24"]
[SourceQuality "1"]

1. d4 d5 2. c4 c6 3. Nc3 Nf6 4. Nf3 e6 5. e3 a6 6. Bd3 Bd6 7. 0-0 Nbd7 8. Re1 dxc4 9. Bxc4 b5 10. Bd3 c5 11. e4 cxd4 12. Nxb5 axb5 13. e5 Bb4 14. exf6 Bxe1 15. fxg7 Bxf2+ 16. Kxf2 Rg8 17. Bh6 Qf6 18. Qd2 Ne5 19. Bxb5+ Bd7 20. Bg5 Nxf3 21. gxf3 Qxg7 22. Bxd7+ Kxd7 23. h4 h6 24. Qb4 hxg5 25. Qb7+ Kd6 26. Qb4+ Ke5 27. Qc5+ Kf4 28. Rg1 f5 29. Qc1+ Ke5 30. Qc5+ Kf6 31. Qxd4+ Kf7 32. Qb6 Rgd8 33. Rxg5 Qd4+ 0-1

[Event "Reykjavik op"]
[Site "Reykjavik"]
[Date "2014.03.05"]
[Round "3"]
[White "Aubert, Carsten"]
[Black "Khademalsharieh, Sarasadat"]
[Result "0-1"]
[WhiteElo "1997"]
[BlackElo "2294"]
[PlyCount "120"]
[EventDate "2014.03.04"]
[EventType "swiss"]
[EventRounds "10"]
[EventCountry "ISL"]
[SourceTitle "CBM 159 Extra"]
[Source "ChessBase"]
[SourceDate "2014.04.24"]
[SourceVersion "1"]
[SourceVersionDate "2014.04.24"]
[SourceQuality "1"]

1. d4 Nf6 2. c4 e6 3. Nc3 Bb4 4. e3 c5 5. Nge2 cxd4 6. exd4 0-0 7. a3 Be7 8. Nf4 d5 9. cxd5 Nxd5 10. Nfxd5 exd5 11. Be2 Nc6 12. Be3 Be6 13. 0-0 Re8 14. Na4 Bd6 15. Nc5 Qc7 16. h3 Bxc5 17. dxc5 d4 18. Bd2 Red8 19. b4 d3 20. Bg4 Bxg4 21. Qxg4 Nd4 22. Kh1 f5 23. Qg5 Qf7 24. Rfe1 h6 25. Qh4 Rd7 26. Rad1 Nc2 27. Re5 Re8 28. Qg3 Rxe5 29. Qxe5 Nxa3 30. Bc3 Qd5 31. Kg1 Qxe5 32. Bxe5 Kf7 33. Bd6 Nc4 34. Rxd3 Nxd6 35. cxd6 Ke6 36. Kf1 Rxd6 37. Re3+ Kd7 38. Re5 g6 39. h4 h5 40. b5 Re6 41. Rc5 a6 42. bxa6 bxa6 43. f3 Kd6 44. Rc8 Kd5 45. g3 Rc6 46. Ra8 Kd4 47. Kf2 Re6 48. Rc8 Rb6 49. Ke2 Re6+ 50. Kd2 Kd5 51. Kd3 Rc6 52. Ra8 Kc5 53. Kc3 Kb5+ 54. Kb3 Re6 55. Rb8+ Kc5 56. Rg8 Kd4 57. Rc8 Re3+ 58. Kc2 Rxf3 59. Rc6 Rxg3 60. Rxa6 Ke3 0-1

[Event "Groningen op compact-A 51st"]
[Site "Groningen"]
[Date "2013.12.29"]
[Round "4"]
[White "Aubert, Carsten"]
[Black "Hagenbach, Udo"]
[Result "1/2-1/2"]
[WhiteElo "1997"]
[BlackElo "2185"]
[PlyCount "51"]
[EventDate "2013.12.26"]
[EventType "swiss"]
[EventRounds "5"]
[EventCountry "NED"]
[SourceTitle "CBM 158 Extra"]
[Source "ChessBase"]
[SourceDate "2014.02.28"]
[SourceVersion "1"]
[SourceVersionDate "2014.02.28"]
[SourceQuality "1"]

1. d4 Nf6 2. c4 g6 3. Nc3 d5 4. cxd5 Nxd5 5. e4 Nxc3 6. bxc3 Bg7 7. Bc4 c5 8. Ne2 Nc6 9. Be3 0-0 10. 0-0 Qc7 11. Rc1 Rd8 12. Qd2 Qa5 13. Bh6 cxd4 14. Bxg7 Kxg7 15. Qf4 Be6 16. Bxe6 fxe6 17. cxd4 Nxd4 18. Nxd4 Rxd4 19. Rc7 Re8 20. Rxb7 e5 21. Qg5 Rxe4 22. Rxe7+ Rxe7 23. Qxe7+ Kg8 24. Qe8+ Kg7 25. Qe7+ Kg8 26. Qe8+ 1/2-1/2

[Event "Groningen op compact-A 51st"]
[Site "Groningen"]
[Date "2013.12.28"]
[Round "3"]
[White "Van Putten, Henk"]
[Black "Aubert, Carsten"]
[Result "0-1"]
[WhiteElo "2113"]
[BlackElo "1997"]
[PlyCount "96"]
[EventDate "2013.12.26"]
[EventType "swiss"]
[EventRounds "5"]
[EventCountry "NED"]
[SourceTitle "CBM 158 Extra"]
[Source "ChessBase"]
[SourceDate "2014.02.28"]
[SourceVersion "1"]
[SourceVersionDate "2014.02.28"]
[SourceQuality "1"]

1. d4 Nf6 2. c4 e6 3. Nc3 d5 4. Nf3 Be7 5. Bg5 c6 6. e3 Nbd7 7. cxd5 exd5 8. Bd3 0-0 9. 0-0 Re8 10. Rc1 Nf8 11. Ne5 N6d7 12. Bf4 Nxe5 13. Bxe5 Be6 14. f4 f6 15. f5 fxe5 16. fxe6 e4 17. Nxe4 dxe4 18. Bxe4 Bf6 19. d5 cxd5 20. Bxd5 Qe7 21. Rc4 Kh8 22. Qb3 Rac8 23. Rcf4 Ng6 24. Re4 Qd6 25. Qxb7 Rb8 26. Qc6 Qxc6 27. Bxc6 Re7 28. Rd1 Nf8 29. Bd5 Rd8 30. Rb4 Rxe6 31. e4 Red6 32. Rc1 Ne6 33. g3 h6 34. h3 Bd4+ 35. Kg2 Bb6 36. h4 g6 37. Rbc4 Kg7 38. a4 R8d7 39. b4 Nc7 40. Bc6 Rd2+ 41. Kh3 R7d3 42. Bb7 Ne6 43. Bc8 Nf4+ 44. Kg4 Ne2 45. Rc7+ Kh8 46. Kh3 h5 47. Rf7 Nxc1 48. Be6 Rf2 0-1

[Event "NOR-ch Class1"]
[Site "Lillehammer"]
[Date "2013.06.29"]
[Round "5"]
[White "Aubert, Carsten"]
[Black "Rodvik, Trym Daniel"]
[Result "1-0"]
[WhiteElo "1989"]
[BlackElo "1891"]
[PlyCount "75"]
[EventDate "2013.06.29"]
[EventType "swiss"]
[EventRounds "9"]
[EventCountry "NOR"]
[SourceTitle "EXT 2015"]
[Source "ChessBase"]
[SourceDate "2014.11.20"]
[SourceVersion "1"]
[SourceVersionDate "2014.11.20"]
[SourceQuality "1"]

1. d4 Nf6 2. c4 g6 3. Nc3 Bg7 4. e4 0-0 5. Be3 d6 6. f3 Nc6 7. Qd2 a6 8. Nge2 Rb8 9. Nc1 Bd7 10. Nb3 Na7 11. a4 b6 12. Be2 c5 13. 0-0 Qc7 14. Rfd1 Rfd8 15. Qe1 b5 16. axb5 axb5 17. dxc5 dxc5 18. Bxc5 Nc8 19. Nxb5 Bxb5 20. Rxd8+ Qxd8 21. cxb5 Nd7 22. Rd1 Qc7 23. Qd2 Ncb6 24. Bxe7 Qa7 25. Qa5 Qxa5 26. Nxa5 Bxb2 27. Nc4 Nxc4 28. Bxc4 Nb6 29. Bd5 Bc3 30. Bc6 Kg7 31. Bd6 Rc8 32. Bc5 Rb8 33. Rd3 Ba5 34. Ra3 Bd2 35. Ra6 Nc4 36. Kf1 Bc3 37. Ba7 Rc8 38. Bd5 1-0

[Event "NOR-chT Clubs"]
[Site "Fagernes"]
[Date "2012.06.10"]
[Round "6"]
[White "Aubert, Carsten"]
[Black "Solberg, Joachim Krokvik"]
[Result "0-1"]
[WhiteElo "2063"]
[BlackElo "2239"]
[PlyCount "48"]
[EventDate "2012.06.08"]
[EventType "team-swiss"]
[EventRounds "6"]
[EventCountry "NOR"]
[SourceTitle "CBM 148 Extra"]
[Source "ChessBase"]
[SourceDate "2012.06.22"]
[SourceVersion "1"]
[SourceVersionDate "2012.06.22"]
[SourceQuality "1"]
[WhiteTeam "Nordstrand"]
[BlackTeam "Moss"]
[WhiteTeamCountry "NOR"]
[BlackTeamCountry "NOR"]

1. d4 Nf6 2. c4 e6 3. Nf3 b6 4. a3 Bb7 5. Nc3 d5 6. cxd5 Nxd5 7. Qc2 Nxc3 8. Qxc3 Nd7 9. Bg5 Nf6 10. e3 Rc8 11. Bd3 Be7 12. b4 0-0 13. 0-0 c5 14. dxc5 Bxf3 15. gxf3 Qd5 16. f4 bxc5 17. e4 Qb7 18. Bxf6 Bxf6 19. e5 Be7 20. b5 c4 21. Bxc4 Qe4 22. Bd3 Qxf4 23. Qe1 Qg4+ 24. Kh1 Qf3+ 0-1

[Event "Host Monrad"]
[Site "Tonsberg"]
[Date "2004.11.08"]
[Round "5"]
[White "Aubert, Carsten"]
[Black "Haugan, Kristoffer"]
[Result "1-0"]
[WhiteElo "1895"]
[BlackElo "1317"]
[PlyCount "37"]
[EventDate "2004.09.13"]
[EventType "swiss"]
[EventRounds "7"]
[EventCountry "NOR"]
[SourceTitle "EXT 2007"]
[Source "ChessBase"]
[SourceDate "2006.11.23"]
[SourceVersion "1"]
[SourceVersionDate "2006.11.23"]
[SourceQuality "1"]

1. e4 e6 2. d4 d5 3. e5 c5 4. c3 Nc6 5. Nf3 Qb6 6. Bd3 cxd4 7. cxd4 Bb4+ 8. Nc3 Nge7 9. 0-0 0-0 10. a3 Bxc3 11. bxc3 Ng6 12. Ng5 Na5 13. Qh5 h6 14. Nxf7 Kxf7 15. Qxg6+ Ke7 16. a4 Rf7 17. Ba3+ Ke8 18. Qh7 Kd7 19. Qg8 1-0

[Event "Host Monrad"]
[Site "Tonsberg"]
[Date "2004.10.25"]
[Round "4"]
[White "Standal, Bard"]
[Black "Aubert, Carsten"]
[Result "1-0"]
[WhiteElo "1640"]
[BlackElo "1895"]
[PlyCount "77"]
[EventDate "2004.09.13"]
[EventType "swiss"]
[EventRounds "7"]
[EventCountry "NOR"]
[SourceTitle "EXT 2007"]
[Source "ChessBase"]
[SourceDate "2006.11.23"]
[SourceVersion "1"]
[SourceVersionDate "2006.11.23"]
[SourceQuality "1"]

1. Nf3 d5 2. d3 c5 3. Nbd2 Nf6 4. e4 e6 5. g3 Nc6 6. Bg2 Be7 7. 0-0 0-0 8. Re1 Re8 9. c3 b5 10. e5 Nd7 11. h4 a5 12. Nf1 Qc7 13. Bf4 Ba6 14. N1h2 Qd8 15. h5 h6 16. Qd2 Bf8 17. g4 f5 18. gxf5 exf5 19. Bh3 Ne7 20. Kh1 Bc8 21. Rg1 Kh7 22. Nh4 Nb6 23. Rae1 Be6 24. Rg3 d4 25. Ng6 Nxg6 26. hxg6+ Kh8 27. Reg1 Ra7 28. cxd4 Qxd4 29. Nf3 Qd7 30. Bxh6 gxh6 31. g7+ Bxg7 32. Rxg7 Qxg7 33. Rxg7 Rxg7 34. Qf4 Nd5 35. Qh4 Reg8 36. Kh2 Kh7 37. Kh1 Nb4 38. Qh5 Nxd3 39. Bxf5+ 1-0

[Event "Vestfold KM op"]
[Site "Sandefjord"]
[Date "2004.04.24"]
[Round "1"]
[White "Kjamperud, Einar"]
[Black "Aubert, Carsten"]
[Result "0-1"]
[WhiteElo "1620"]
[BlackElo "1883"]
[PlyCount "80"]
[EventDate "2004.04.??"]
[EventType "swiss"]
[EventRounds "5"]
[EventCountry "NOR"]
[SourceTitle "EXT 2006"]
[Source "ChessBase"]
[SourceDate "2005.11.24"]
[SourceVersion "1"]
[SourceVersionDate "2005.11.24"]
[SourceQuality "1"]

1. d4 Nf6 2. c4 e6 3. Nf3 b6 4. Bg5 Bb7 5. e3 Be7 6. Nc3 0-0 7. Bd3 c5 8. 0-0 d6 9. a3 Nbd7 10. b4 a6 11. Rb1 cxb4 12. axb4 Qc7 13. e4 Rfe8 14. Re1 h6 15. Bd2 Bf8 16. Qb3 Rab8 17. h3 g6 18. Qc2 Kg7 19. e5 dxe5 20. dxe5 Ng8 21. Ne4 Bxe4 22. Rxe4 Ne7 23. Rh4 Ng8 24. Re1 a5 25. Qc1 Kh7 26. Ng5+ Kg7 27. Nxe6+ fxe6 28. Bxh6+ Kf7 29. Qf4+ Ndf6 30. Bxg6+ Kxg6 31. Qg5+ Kf7 32. Bxf8 Rxf8 33. exf6 Nxf6 34. Rh6 Ke7 35. Rh7+ Rf7 36. Rh4 Rg8 37. Qb5 Rfg7 38. g4 Rg5 39. Qa6 axb4 40. Rh6 Ra5 0-1

[Event "Oslo-ch"]
[Site "Oslo"]
[Date "2004.01.18"]
[Round "4"]
[White "Aubert, Carsten"]
[Black "Stenersen, Gudmund"]
[Result "1/2-1/2"]
[WhiteElo "1883"]
[BlackElo "2125"]
[PlyCount "112"]
[EventDate "2004.02.10"]
[EventType "swiss"]
[EventRounds "9"]
[EventCountry "NOR"]
[SourceTitle "EXT 2007"]
[Source "ChessBase"]
[SourceDate "2006.11.23"]
[SourceVersion "1"]
[SourceVersionDate "2006.11.23"]
[SourceQuality "1"]

1. d4 b6 2. c4 Bb7 3. e3 e6 4. Nf3 f5 5. Nc3 Bd6 6. Bd3 Nf6 7. b3 Nc6 8. Bb2 Qe7 9. 0-0 0-0 10. e4 fxe4 11. Nxe4 Nxe4 12. Bxe4 Rf4 13. Re1 Raf8 14. Bc1 Rxf3 15. Bxf3 Qh4 16. g3 Qf6 17. Kg2 Qxf3+ 18. Qxf3 Rxf3 19. Kxf3 Nxd4+ 20. Kg4 Nf3 21. Be3 Nxh2+ 22. Kh3 Nf3 23. Red1 h5 24. g4 hxg4+ 25. Kxg4 e5 26. c5 bxc5 27. Rac1 Nd4 28. Bxd4 exd4 29. b4 cxb4 30. Rxd4 Bc6 31. f4 a5 32. Kf5 Kf7 33. Rcd1 a4 34. Rb1 g6+ 35. Kg4 b3 36. axb3 axb3 37. Rxb3 Bc5 38. Rdd3 Kf6 39. Rbc3 d6 40. Rxc5 dxc5 41. Rc3 Bd5 42. Rxc5 c6 43. Ra5 Be6+ 44. Kg3 Bd5 45. Kg4 Be6+ 46. Kh4 Bd5 47. Ra8 Be4 48. Re8 Kf5 49. Kg3 Bd5 50. Re5+ Kf6 51. Kf2 Be6 52. Rg5 Bf5 53. Ke3 c5 54. Rg2 c4 55. Kd4 Bd3 56. Rg5 Ke6 1/2-1/2

[Event "Gausdal Classics op 2nd"]
[Site "Gausdal"]
[Date "2003.10.26"]
[Round "7"]
[White "Aubert, Carsten"]
[Black "Harstad, Christian"]
[Result "1-0"]
[WhiteElo "1811"]
[BlackElo "2107"]
[PlyCount "132"]
[EventDate "2003.10.??"]
[EventType "swiss"]
[EventRounds "11"]
[EventCountry "NOR"]
[SourceTitle "EXT 2005"]
[Source "ChessBase"]
[SourceDate "2004.11.15"]
[SourceVersion "1"]
[SourceVersionDate "2004.11.15"]
[SourceQuality "1"]

1. d4 Nf6 2. c4 g6 3. Nc3 d5 4. cxd5 Nxd5 5. e4 Nxc3 6. bxc3 Bg7 7. Bc4 c5 8. Ne2 Nc6 9. Be3 0-0 10. 0-0 Bg4 11. f3 Na5 12. Bd3 cxd4 13. cxd4 Be6 14. d5 Bxa1 15. Qxa1 f6 16. Bh6 Re8 17. Kh1 a6 18. Nf4 Bf7 19. e5 g5 20. e6 gxf4 21. Qb1 Qxd5 22. Bxh7+ Kh8 23. exf7 Qxf7 24. Bg6 Qc4 25. Rc1 Qb5 26. Qxb5 axb5 27. Bxe8 Rxe8 28. Bxf4 Nc6 29. Rd1 Ra8 30. Rd2 Kg7 31. h4 Ra4 32. Bg3 Kf7 33. Bf2 Ne5 34. Bd4 Nc4 35. Rc2 Nd6 36. Bf2 Nf5 37. g4 Nd6 38. Kg2 Rc4 39. Rd2 Ra4 40. Rb2 Rc4 41. Bg3 Ne8 42. Rxb5 Rc2+ 43. Kh3 Rxa2 44. Rxb7 Ra3 45. Kg2 Ra2+ 46. Bf2 Ng7 47. Kg3 Ne6 48. Rb3 Ra4 49. Be3 Ra8 50. f4 f5 51. g5 Ng7 52. Rb6 Ra3 53. Kf3 e6 54. Rb7+ Kg6 55. Re7 Rd3 56. Ke2 Rd6 57. Bc5 Rd5 58. Bb4 Rd8 59. Bc3 Nh5 60. Be5 Ng3+ 61. Ke3 Kh5 62. Rh7+ Kg4 63. g6 Nf1+ 64. Kf2 Ng3 65. g7 Rd2+ 66. Ke1 Kf3 1-0

[Event "Gausdal Classics op 2nd"]
[Site "Gausdal"]
[Date "2003.10.25"]
[Round "8"]
[White "Aubert, Carsten"]
[Black "Svensen, Tarjei Joten"]
[Result "1-0"]
[WhiteElo "1811"]
[BlackElo "2129"]
[PlyCount "39"]
[EventDate "2003.10.??"]
[EventType "swiss"]
[EventRounds "11"]
[EventCountry "NOR"]
[SourceTitle "EXT 2005"]
[Source "ChessBase"]
[SourceDate "2004.11.15"]
[SourceVersion "1"]
[SourceVersionDate "2004.11.15"]
[SourceQuality "1"]

1. d4 d5 2. c4 e6 3. Nf3 Nf6 4. Bg5 Nbd7 5. Nc3 c6 6. cxd5 exd5 7. e3 Be7 8. Bd3 0-0 9. Qc2 Re8 10. 0-0 Nf8 11. Ne5 g6 12. Rae1 Ne6 13. f4 Nd7 14. Bxe7 Qxe7 15. f5 Nxe5 16. fxe6 Qxe6 17. dxe5 Qxe5 18. Qa4 Be6 19. Qd4 Qd6 20. Ne4 1-0

[Event "Gausdal Classics op 2nd"]
[Site "Gausdal"]
[Date "2003.10.22"]
[Round "2"]
[White "Aubert, Carsten"]
[Black "Bull, Haakon"]
[Result "1/2-1/2"]
[WhiteElo "1811"]
[BlackElo "1502"]
[PlyCount "60"]
[EventDate "2003.10.??"]
[EventType "swiss"]
[EventRounds "11"]
[EventCountry "NOR"]
[SourceTitle "EXT 2005"]
[Source "ChessBase"]
[SourceDate "2004.11.15"]
[SourceVersion "1"]
[SourceVersionDate "2004.11.15"]
[SourceQuality "1"]

1. d4 Nf6 2. c4 g6 3. Nc3 d5 4. cxd5 Nxd5 5. e4 Nxc3 6. bxc3 Bg7 7. Bc4 c5 8. Ne2 Nc6 9. Be3 0-0 10. 0-0 Bg4 11. f3 Na5 12. Bd3 cxd4 13. cxd4 Be6 14. d5 Bxa1 15. Qxa1 f6 16. Bh6 Re8 17. Kh1 a6 18. Qd4 Bf7 19. f4 Rc8 20. f5 b5 21. e5 Qxd5 22. e6 Bxe6 23. fxe6 Qxe6 24. Nf4 Qf7 25. Qb6 Nc4 26. Qxa6 Ne3 27. Be4 Qc4 28. Bd3 Qf7 29. Be4 Qc4 30. Bd3 Qf7 1/2-1/2

[Event "Gausdal Classics op 2nd"]
[Site "Gausdal"]
[Date "2003.10.21"]
[Round "1"]
[White "Pedersen, Oyvind"]
[Black "Aubert, Carsten"]
[Result "1-0"]
[WhiteElo "2050"]
[BlackElo "1811"]
[PlyCount "79"]
[EventDate "2003.10.??"]
[EventType "swiss"]
[EventRounds "11"]
[EventCountry "NOR"]
[SourceTitle "EXT 2005"]
[Source "ChessBase"]
[SourceDate "2004.11.15"]
[SourceVersion "1"]
[SourceVersionDate "2004.11.15"]
[SourceQuality "1"]

1. e4 e5 2. Nf3 Nc6 3. Bb5 a6 4. Ba4 Nf6 5. 0-0 Be7 6. Bxc6 dxc6 7. Qe1 Nd7 8. b3 0-0 9. Bb2 f6 10. d4 Bd6 11. Nbd2 b5 12. Rd1 Qe8 13. Qe3 c5 14. dxe5 fxe5 15. Qd3 Nf6 16. h3 Nh5 17. Bxe5 Nf4 18. Bxf4 Bxf4 19. Qd5+ Be6 20. Qxc5 Qg6 21. Nh4 Qh6 22. Ndf3 Rae8 23. Rfe1 g6 24. Rd3 Bd6 25. Qg5 Qg7 26. e5 Be7 27. Qg3 g5 28. Nd4 Bc8 29. Nhf3 h6 30. Nd2 Bd6 31. N4f3 Be7 32. Ne4 Rf4 33. Re2 Ref8 34. Nc3 g4 35. Nd5 R4f7 36. e6 Rxf3 37. Nxe7+ Qxe7 38. Qxg4+ Kh8 39. Rxf3 Rg8 40. Qd4+ 1-0

[Event "Tonsberg op"]
[Site "Tonsberg"]
[Date "2003.09.15"]
[Round "2"]
[White "Aubert, Carsten"]
[Black "Standal, Bard"]
[Result "1-0"]
[WhiteElo "1811"]
[BlackElo "1585"]
[PlyCount "79"]
[EventDate "2003.09.08"]
[EventType "swiss"]
[EventRounds "9"]
[EventCountry "NOR"]
[SourceTitle "EXT 2008"]
[Source "ChessBase"]
[SourceDate "2007.11.25"]
[SourceVersion "1"]
[SourceVersionDate "2007.11.25"]
[SourceQuality "1"]

1. d4 Nf6 2. c4 g6 3. Nc3 Bg7 4. e4 d6 5. f3 Nc6 6. Be3 0-0 7. Qd2 a6 8. Nge2 Rb8 9. Nc1 e5 10. d5 Nd4 11. N1e2 c5 12. dxc6 Nxc6 13. Rd1 Be6 14. Nd5 Bxd5 15. cxd5 Ne7 16. Nc1 Nh5 17. Be2 f5 18. 0-0 Nf4 19. Nd3 Nxe2+ 20. Qxe2 Qd7 21. b3 Qb5 22. Qd2 fxe4 23. fxe4 Rxf1+ 24. Rxf1 Rf8 25. Rd1 Qd7 26. h3 Kh8 27. Nb2 b5 28. Nd3 Qb7 29. Qa5 Ng8 30. Qb4 Qd7 31. Rc1 Nf6 32. Rc6 a5 33. Qxd6 Qxd6 34. Rxd6 Nxe4 35. Ra6 Nc3 36. Bc5 Rc8 37. d6 e4 38. d7 Rd8 39. Nf4 Be5 40. Ne6 1-0

[Event "Tonsberg op"]
[Site "Tonsberg"]
[Date "2003.09.08"]
[Round "1"]
[White "Aubert, Carsten"]
[Black "Johansen, Kjell Arne"]
[Result "1-0"]
[WhiteElo "1811"]
[BlackElo "1514"]
[PlyCount "63"]
[EventDate "2003.09.08"]
[EventType "swiss"]
[EventRounds "9"]
[EventCountry "NOR"]
[SourceTitle "EXT 2008"]
[Source "ChessBase"]
[SourceDate "2007.11.25"]
[SourceVersion "1"]
[SourceVersionDate "2007.11.25"]
[SourceQuality "1"]

1. d4 Nf6 2. c4 e6 3. Nf3 Bb4+ 4. Bd2 c5 5. e3 0-0 6. Bd3 d5 7. Bxb4 cxb4 8. c5 b6 9. Qb3 Ba6 10. Ne5 Bxd3 11. Nxd3 bxc5 12. Nxc5 a5 13. 0-0 Nc6 14. Nd2 Nd7 15. Rfc1 Nxc5 16. Rxc5 Qd6 17. Qa4 Rfc8 18. Rac1 Ne7 19. Nb3 Rxc5 20. Rxc5 g6 21. Rxa5 Rxa5 22. Qxa5 e5 23. dxe5 Qxe5 24. Nd4 Qd6 25. h3 Kg7 26. Qa4 Qc5 27. Qc2 Qc4 28. b3 Qc3 29. Qxc3 bxc3 30. Kf1 Nc8 31. Ke2 Nd6 32. f3 1-0

[Event "Kretsmesterskap"]
[Site "Sandefjord"]
[Date "2003.03.02"]
[Round "3"]
[White "Sorseth, Gjermund"]
[Black "Aubert, Carsten"]
[Result "0-1"]
[WhiteElo "1844"]
[BlackElo "1788"]
[PlyCount "75"]
[EventDate "2003.03.??"]
[EventType "swiss"]
[EventRounds "4"]
[EventCountry "NOR"]
[SourceTitle "EXT 2005"]
[Source "ChessBase"]
[SourceDate "2004.11.15"]
[SourceVersion "1"]
[SourceVersionDate "2004.11.15"]
[SourceQuality "1"]

1. e4 e5 2. d4 exd4 3. Qxd4 Nc6 4. Qe3 g6 5. Bd2 Bg7 6. Nc3 Nf6 7. 0-0-0 0-0 8. Bc4 Re8 9. h4 Na5 10. Be2 d5 11. Qg5 h6 12. Qg3 d4 13. e5 Nd5 14. Nb1 Nc6 15. f4 Bf5 16. a3 a6 17. Bd3 Nce7 18. Qf3 Qd7 19. Bxf5 Qxf5 20. g4 Qe6 21. Ne2 c5 22. Ng3 Ne3 23. Bxe3 dxe3 24. Rd6 Qc4 25. Rhd1 Nc6 26. Qxe3 Nxe5 27. fxe5 Bxe5 28. Qd3 Qf4+ 29. Nd2 Bxd6 30. Nge4 Re6 31. h5 Rae8 32. hxg6 Rxe4 33. gxf7+ Kxf7 34. Kb1 Re1 35. Qh7+ Kf6 36. g5+ Qxg5 37. Rxe1 Rxe1+ 38. Ka2 0-1

[Event "Kretsmesterskap"]
[Site "Sandefjord"]
[Date "2003.03.01"]
[Round "1"]
[White "Farmen, Pal"]
[Black "Aubert, Carsten"]
[Result "0-1"]
[WhiteElo "1578"]
[BlackElo "1788"]
[PlyCount "80"]
[EventDate "2003.03.??"]
[EventType "swiss"]
[EventRounds "4"]
[EventCountry "NOR"]
[SourceTitle "EXT 2005"]
[Source "ChessBase"]
[SourceDate "2004.11.15"]
[SourceVersion "1"]
[SourceVersionDate "2004.11.15"]
[SourceQuality "1"]

1. e4 e5 2. f4 d5 3. exd5 e4 4. Nc3 Nf6 5. d3 Bb4 6. dxe4 Nxe4 7. Nge2 Qe7 8. Qd4 Nd7 9. Bd2 Nxd2 10. Qxd2 Nf6 11. 0-0-0 0-0 12. Ng3 Rd8 13. Bc4 b5 14. Bb3 a5 15. a4 bxa4 16. Bxa4 Nxd5 17. Rhe1 Be6 18. Nf5 Qf6 19. Nd4 Nxc3 20. Rxe6 Na2+ 21. Kb1 Qxe6 22. c3 Qc4 23. Bb3 Nxc3+ 24. bxc3 Qxc3 25. Qxc3 Bxc3 26. Nb5 Rxd1+ 27. Bxd1 Rb8 28. Kc2 Rxb5 29. Kxc3 Rb4 30. g3 f6 31. Bb3+ Kf8 32. h3 Ke7 33. Bg8 h6 34. Bb3 Kd6 35. Bg8 Kc5 36. Bf7 a4 37. Be8 a3 38. Bf7 Kb5 39. Be8+ c6 40. Bf7 c5 0-1